000 00441nam a2200181Ia 4500
005 20241003090726.0
008 131103s9999 xx 000 0 und d
040 _aLoreto College
041 _aEnglish
082 _a891.44
_bSHA
100 _aShastri, Shibnath
245 _aRamtanu Lahiri & tatkalin Bangasamaj
_cShibnath Shastri
250 _a360p.
260 _b22cm.
504 _aIncludes index
850 _aLCBED
942 _cBK
999 _c30589
_d81068